Library Banner

The ten commandments : The master key to life (Record no. 15425)

MARC details
000 -LEADER
fixed length control field 00392nam a2200169Ia 4500
001 - CONTROL NUMBER
control field 14865
008 - FIXED-LENGTH DATA ELEMENTS--GENERAL INFORMATION
fixed length control field 140403s9999 xx 000 0 und d
020 ## - INTERNATIONAL STANDARD BOOK NUMBER
International Standard Book Number 0-06-062990-8
040 ## - CATALOGING SOURCE
Transcribing agency PK-LaUMT
082 ## - DEWEY DECIMAL CLASSIFICATION NUMBER
Classification number 220
Item number FOX-T
100 ## - MAIN ENTRY--PERSONAL NAME
Personal name Fox, Emmet
245 #4 - TITLE STATEMENT
Title The ten commandments : The master key to life
Statement of responsibility, etc Fox, Emmet
260 ## - PUBLICATION, DISTRIBUTION, ETC. (IMPRINT)
Date of publication, distribution, etc 1953
300 ## - PHYSICAL DESCRIPTION
Extent 158 p.
546 ## - LANGUAGE NOTE
Language note EN
942 ## - ADDED ENTRY ELEMENTS (KOHA)
Koha item type Books
Holdings
Withdrawn status Lost status Damaged status Not for loan Home library Current library Date acquired Total Checkouts Full call number Barcode Date last seen Price effective from Koha item type
        UMT Main Campus UMT Main Campus 2014-04-03   220 FOX-T 17084 2014-04-22 2014-04-22 Books